| 000 | 00676nas a22002417a 4500 | ||
|---|---|---|---|
| 001 | 33748 | ||
| 003 | UA-OsUOA | ||
| 005 | 20211019113811.0 | ||
| 007 | ta | ||
| 008 | 200509c2b un ||ru r|p| 00| 0 drus d | ||
| 040 |
_aUA-OsUOA _brus _cUA-OsUOA _dUA-OsUOA |
||
| 041 | _arus | ||
| 080 | _a32 | ||
| 090 | _a32 | ||
| 245 |
_aПоліс _bнауково-популярний журнал |
||
| 260 | _aК. | ||
| 310 | _a4 р на рік | ||
| 520 | 3 | _aЗміст:Автор Соколоава С. С. Історія | |
| 650 | 7 |
_2UDC _x32 Політичні науки |
|
| 942 |
_cMG _2udc |
||
| 955 | _a0 | ||
| 999 |
_c320201 _d320201 |
||